Del supremo bien y del supremo mal. Disputaciones tusculanas /
Guardado en:
| Autor Principal: | |
|---|---|
| Otros Autores: | |
| Formato: | Libro |
| Idioma: | Undetermined |
| Publicado: |
Madrid :
Gredos,
2015.
|
| Series: | Grandes pensadores
|
| Materias: | |
| Etiquetas: |
Agregar Etiqueta
Sin Etiquetas, Sea el primero en etiquetar este registro!
|
| LEADER | 01151nam a22002175a 4500 | ||
|---|---|---|---|
| 001 | CEM.cems020653 | ||
| 008 | 231116s2015####sp############000#0#und#d | ||
| 005 | 20231116152524.0 | ||
| 245 | 1 | 0 | |a Del supremo bien y del supremo mal. Disputaciones tusculanas / |c Cicerón ; estudio introductorio de David Morán. |
| 260 | |a Madrid : |b Gredos, |c 2015. | ||
| 300 | |a 458 p. | ||
| 490 | 1 | |a Grandes pensadores | |
| 505 | 0 | |a Estudio introductorio (Marco Tulio Cicerón, el conservador revolucionario -- Vida -- Nacimiento y formación -- Años de gloria -- Exilio, regreso a Roma y estancia en Cilicia -- Últimos años -- Obra -- Discursos -- Cartas -- Obras teóricas e ideológicas -- Pensamiento -- Influencias -- Eclecticismo y condensación -- Su torrencial corpus filosófico -- Cronología -- Glosario -- Bibliografía selecta ) -- Del supremo bien y del supremo mal -- Disputaciones tusculanas | |
| 020 | |a 9788447378692 | ||
| 100 | 1 | |a Cicerón. | |
| 700 | 1 | |a Morán, David; pról. | |
| 653 | |a Filosofía | ||
| 653 | |a Filosofía antigua | ||
| 653 | |a Filosofía romana | ||
| 653 | |a Escepticismo | ||
| 859 | |a CEMS |b BIB. CEMS - 11 de abril |h 184 |i C484 |p 29771.23 |t Ej. 1 | ||
